Statistics for Jetpunk Featured Quiz Challenge #4

Click here to take the quiz!

General Stats

  • This quiz has been taken 39 times
  • The average score is 17 of 20

Answer Stats

HintAnswer% Correct
US States QuizAlabama / Alaska / Arizona / Arkansas / California / Colorado / Connecticut / Delaware / Florida / Georgia / Hawaii / Idaho / Illinois / Indiana / Iowa / Kansas / Kentucky / Louisiana / Maine / Maryland / Massachusetts / Michigan / Minnesota / Mississippi / Missouri / Montana / Nebraska / Nevada / New Hampshire / New Jersey / New Mexico / New York / North Carolina / North Dakota / Ohio / Oklahoma / Oregon / Pennsylvania / Rhode Island / South Carolina / South Dakota / Tennessee / Texas / Utah / Vermont / West Virginia / Washington / Virginia / Wisconsin / Wyoming
100%
Five Most Guessed Countries by ContinentEgypt / South Africa / Madagascar / Niger / Morocco / China / India / Japan / Iran / Turkey / Russia / United Kingdom / France / Spain / Italy / United States / Canada / Mexico / Cuba / Panama / Australia / New Zealand / Papua New Guinea / Fiji / Micronesia / Brazil / Argentina / Chile / Peru / Colombia
100%
Countries that Start with IIceland / India / Indonesia / Iran / Iraq / Ireland / Israel / Italy / Ivory Coast
100%
Countries that Start with AAfghanistan / Albania / Algeria / Andorra / Angola / Antigua / Argentina / Armenia / Australia / Azerbaijan / Austria
97%
Five Languages with the Most Native Speakers by ContinentArabic / Amharic / Hausa / Oromo / Igbo /Fula / Yoruba / Mandarin / Hindi / Bengali / Japanese / German / Russian / French / Italian / English / Spanish / Haitian / Creole / Fiji Hindi / Fijian / Māori / Portuguese / Quechua / Guarani / Aymara
97%
100 Most Common English Words QuizThe / Be / To / Of / And / A / In / That / Have / I / It / For / Not / On / With / He / As / You / Do / At / This / But / His / By / From / They / We / Say / Her / She / Or / An / Will / My / One / All / Would / There / Their / What / So / Up / Out / If / About / Who / Get / Which / Go / Me / When / Make / Can / Like / Time / No / Just / Him / Know / Take / People / Into / Year / Your / Good / Some / Could / Them / See / Other / Than / Then / Now / Look / Only / Come / Its / Over / Think / Also / Back / After / Use / Two / How / Our / Work / First / Well / Way / Even / New / Want / Because / Any / These / Give / Day / Most / Us
97%
Cities Beginning With "B" Map QuizBaghdad / Baku / Baltimore / Bamako / Bandung / Bangkok / Barcelona / Barranquilla / Beirut / Beijing / Belem / Belgrade / Belo Horizonte / Bengaluru / Bergen / Berlin / Birmingham / Bloemfontein / Bogota / Bologna / Bordeaux / Boston / Brasilia / Brazzaville / Brisbane / Brussels / Bucharest / Budapest / Buenos Aires / Busan
94%
Countries that Produce the Most BeerChina / United States / Brazil / Germany / Mexico / United Kingdom / Poland / Spain / South Africa / Japan / Nigeria / Ukraine / Netherlands / Thailand
94%
Megacities on a World MapGuangzhou / Tokyo / Shanghai / Jakarta / Delhi / Manila / Mumbai / Seoul / Mexico City / New York City / São Paulo / Cairo / Beijing / Dhaka / Lagos / Bangkok / Los Angeles / Osaka / Karachi / Moscow / Kolkata / Buenos Aires / Istanbul / Tehran / London / Johannesburg / Tianjin / Rio de Janeiro / Lahore / Kinshasa / Bengaluru / Paris / Chennai / Nagoya
94%
Coldest CountriesCanada / Russia / Mongolia / Norway / Kyrgyzstan / Finland / Iceland / Tajikistan / Sweden / Estonia / Switzerland / Latvia / Liechtenstein / North Korea / Georgia / Belarus / Lithuania / Austria / Kazakhstan / Slovakia
91%
Top Grossing Movie StarsSamuel L. Jackson / Robert Downey, Jr. / Scarlett Johansson / Harrison Ford / Tom Hanks / Bradley Cooper / Morgan Freeman / Don Cheadle / Andy Serkis / Zoe Saldana / Chris Pratt / Anthony Daniels / Chris Evans / Chris Hemsworth / Tom Cruise / Johnny Depp / Eddie Murphy / Stanley Tucci / Mark Ruffalo / Idris Elba / Ian McKellen / Benedict Cumberbatch / Jeremy Renner / Will Smith / Josh Brolin / Vin Diesel / Cate Blanchett / Woody Harrelson / Gary Oldman / Anthony Mackie / Michael Caine / Dwayne Johnson / Gwyneth Paltrow / Bruce Willis / Stellan Skarsgard / Robin Williams / Robert DeNiro / Emma Watson / Tom Hiddleston / Matt Damon / Liam Neeson / Elizabeth Banks / Steve Carell / Cameron Diaz / Jon Favreau / Mark Wahlberg / Orlando Bloom / Simon Pegg / Helena Bonham Carter / Natalie Portman
88%
Countries with the Greatest Elevation A-ZAfghanistan / Bhutan / China / Ecuador / France / Georgia / Honduras / India / Japan / Kyrgyzstan / Lesotho / Myanmar / Nepal / Oman / Pakistan / Qatar / Russia / Switzerland / Tajikistan / United States / Venezuela / Yemen / Zimbabwe
85%
Asian Island NationsBahrain / Brunei / Cyprus / East Timor / Indonesia / Japan / Maldives / Philippines / Singapore / Sri Lanka / Taiwan
82%
Himalayan CountriesBhutan / China / India / Nepal / Pakistan
82%
Geography by Letter - LLondon / Leningrad / Lagos / Louvre / Latin / Limerick / Los Angeles / Lisbon / Lebanon / Leeds / Lira / Lederhosen / Lithuania /Liverpool / Louisiana / Las Vegas / Liberia / Long Island / Loire / Laozi / Lufthansa / Lesbos / Luzon / Lapland
82%
Disney AnimalsMouse / Donkey / Frog / Lion / Elephant / Deer / Cricket / Bear / Gorilla / Dragon / Goat / Raccoon / Meerkat / Warthog / Monkey / Hyena / Vulture / Crab / Cat / Rabbit / Parrot
82%
Countries With No RiversComoros / Bahrain / Kuwait / Maldives / Oman / Qatar / Saudi Arabia / United Arab Emirates / Yemen / Malta / Monaco / Vatican City / Kiribati / Marshall Islands / Nauru / Tuvalu / Bahamas
76%
NATO Military AlphabetAlfa / Bravo / Charlie / Delta / Echo / Foxtrot / Golf / Hotel / India / Juliet / Kilo / Lima / Mike / November / Oscar / Papa / Quebec / Romeo / Sierra / Tango / Uniform / Victor / Whiskey / Xray / Yankee /Zulu
65%
Phobias QuizSpiders / Heights / 13 / Open Spaces / Enclosed Spaces / Death / Corpses / Animals / Fire / Flying / Foreigners / Men / Nudity / Technology / Water / Public Speaking / Blood / Dancing / Bees
53%
Movies that Start with DDumb and Dumber / The Dark Knight / Dumbo / Dirty Harry / Dazed and Confused / Die Hard / Deliverance / Downfall / Death Race 2000 / Django Unchained / The Da Vinci Code / Despicable Me / Dr. Strangelove / The Devil Wears Prada / Dead Poets Society / Donnie Darko / Dirty Dancing / Diamonds are Forever / Drumline
50%

Score Distribution

Percentile by Number Answered

Percent of People with Each Score

Your Score History

You have not taken this quiz